000
00311nam a22001337a 4500
008
170418b xxu||||| |||| 00| 0 eng d
020
_a
9780130139337
041
_a
eng
080
_a
573
100
_a
11
101
_a
SHM
245
_a
HUMAN BIOLOGY AND MEDICAL TERMINOLOGY
_c
WISTREICH, G.A
942
_2
udc
_c
BK
999
_c
11051
_d
11051